Insight into the geomatics profession (Record no. 107085)

MARC details
000 -LEADER
fixed length control field 00803cam a22001935a 4500
001 - CONTROL NUMBER
control field L138254
008 - FIXED-LENGTH DATA ELEMENTS--GENERAL INFORMATION
fixed length control field 070524s2006 xxko f 000 0 eng d
035 ## - SYSTEM CONTROL NUMBER
System control number (Sirsi) u138254
041 0# - LANGUAGE CODE
Language code of text/sound track or separate title eng
050 04 - LIBRARY OF CONGRESS CALL NUMBER
Classification number 526.9 $2 18
110 2# - MAIN ENTRY--CORPORATE NAME
Corporate name or jurisdiction name as entry element Royal Institution of Chartered Surveyors
Subordinate unit Geomatics Faculty
9 (RLIN) 4352
245 00 - TITLE STATEMENT
Title Insight into the geomatics profession
260 ## - PUBLICATION, DISTRIBUTION, ETC.
Place of publication, distribution, etc. London
Name of publisher, distributor, etc. RICS
Date of publication, distribution, etc. 2006
300 ## - PHYSICAL DESCRIPTION
Extent 8p.
Dimensions 30cm.
520 ## - SUMMARY, ETC.
Summary, etc. Details the work of the RICS Geomatics Faculty and the opportunities that can arise in geomatics. Describes the various levels of qualifications and the research publications available to members in this area. Concludes by profiling three members from differing fields.
651 #4 - SUBJECT ADDED ENTRY--GEOGRAPHIC NAME
Geographic name International
690 ## - LOCAL SUBJECT ADDED ENTRY--TOPICAL TERM (OCLC, RLIN)
Topical term or geographic name as entry element ENVIRONMENTAL AND LAND CONSULTANCY-GEOMATICS
942 ## - ADDED ENTRY ELEMENTS (KOHA)
Suppress in OPAC 0
Holdings
Withdrawn status Lost status Source of classification or shelving scheme Damaged status Not for loan Home library Current library Shelving location Date acquired Total Checkouts Full call number Barcode Date last seen Copy number Price effective from Koha item type
    Dewey Decimal Classification     London London RICS Boxes 20/08/2007   RICS 2006/72 30073924 06/08/2019 1 06/08/2019 Archive
    Dewey Decimal Classification     London London RICS Boxes 20/08/2007   RICS 2006/72 30073925 06/08/2019 2 06/08/2019 Reference material
    Dewey Decimal Classification     London London RICS Boxes 20/08/2007   RICS 2006/72 30073926 06/08/2019 3 06/08/2019 Book